000 00770nam a22002297a 4500
001 6135
003 FISKH
005 20250318105653.0
008 250318b cb ||||| |||| 00| 0 eng d
020 _a0575026952
040 _aFISKH
_beng
_cFISKH
_dFISKH
050 _aPZ7.B33 R
082 _a823.914
100 _aBawden, Nina
245 _aThe robbers /
_cBy Nina Bawden
260 _aLondon :
_bVictor Gollancz LTD ;
_c1979.
300 _a143 pages :
_billustrations ;
_c21 cm .
520 _aNine-year-old Phillip has always lived with his grandmother, but when his widowed father remarries he finds that he must suddenly adjust to a new way of life with his father and stepmother.
650 _aCrime_Mystery
_vFiction
942 _2ddc
_cBK
_n0
999 _c6135
_d6135